Destinations from Kilimanjaro International Airport on a Map - Statistics

General Stats
  • This quiz has been taken 195 times
  • The average score is 18 of 24
Answers on the Map
Answers color-coded by a green-red scale on the quiz's map according to % correct below.
 
Answer Stats
Hint Answer % Correct
International Dubai
97%
International Doha
95%
International Amsterdam
94%
International Istanbul
94%
International Nairobi - Jomo Kenyatta
93%
International Nairobi - Wilson
93%
Domestic Dar es Salaam
92%
International Addis Ababa
91%
International Kigali
84%
Countries Kenya
83%
Countries Tanzania
83%
Countries United Arab Emirates
83%
Countries Ethiopia
82%
Countries Netherlands
82%
Countries Turkey
82%
Domestic Zanzibar
82%
Countries Qatar
81%
Countries Rwanda
81%
Countries Uganda
80%
International Entebbe
49%
Domestic Arusha
39%
Domestic Mwanza
28%
Domestic Serengeti
18%
Domestic Lake Manyara
9%
No matching quizzes found
Score Distribution
Percent of People with Each Score
Percentile by Number Answered
Your Score History
You have not taken this quiz